| 000 | 01701fam a2200349 a 4500 | ||
|---|---|---|---|
| 001 | 2854742 | ||
| 003 | SISC | ||
| 005 | 20160307150346.0 | ||
| 008 | 000503r20001975ilu b 001 0 eng | ||
| 010 | _a 00032592 | ||
| 020 | _a0440169976 | ||
| 035 | _a(OCoLC)44026137 | ||
| 035 | _a(OCoLC)ocm44026137 | ||
| 035 | _a(NNC)2854742 | ||
| 040 |
_aDLC _cDLC _dDLC _dOrLoB-B |
||
| 043 | _an-us--- | ||
| 050 | 0 | 0 |
_aPN 4888 _b.H157 1979 |
| 082 | 0 | 0 |
_aHS 079.73 _bH13 1979 |
| 100 | 1 |
_aHalberstam, David. _99936 |
|
| 245 | 1 | 4 |
_aThe powers that be / _cDavid Halberstam. |
| 250 | _a1st Illinois pbk. | ||
| 260 |
_aNew York : _bDell Publishing, _c1979. |
||
| 300 |
_a1070 p. ; _c24 cm. |
||
| 500 | _aOriginally published: New York : Knopf, 1975. | ||
| 504 | _aIncludes bibliographical references (p. [743]-745) and index. | ||
| 520 | 1 | _a"Beginning with FDR's masterful use of radio to establish the sense of a personal, benevolently paternal relationship with the American people and culminating in the discovery and coverage of the Watergate break-in, Halberstam tracks the firm establishment of the media as a potent means of shaping both public opinion and public policy. He tells the story through vivid, intimate portraits of the men, women, and politics behind four key media organizations: CBS and its board chairman William S. | |
| 520 | 8 | _aPaley; Time magazine and its cofounder Henry Luce; the Washington Post and successive publishers Philip Graham and his wife, Katherine; and the Los Angeles Times and publishers Norman Chandler and his son, Otis."--BOOK JACKET. | |
| 650 | 0 |
_aPress and politics _zUnited States. _99937 |
|
| 900 | _bTOC | ||
| 942 |
_2lcc _cBK |
||
| 999 |
_c8489 _d8489 |
||